Metastädte der Welt - Statistiken

Allgemein
  • Dieses Quiz wurde 89 mal gespielt
  • Das Durchschnittsergebnis liegt bei 11 aus 17
Antwortstatistiken
Einwohner Stadt % Korrekt
41.0 Mio. Tokio
97%
22.0 Mio. New York
92%
21.2 Mio. Peking
85%
27.1 Mio. Mumbai
79%
40.8 Mio. Schanghai
79%
29.2 Mio. Jakarta
73%
25.1 Mio. Mexiko-Stadt
70%
34.6 Mio. Delhi
67%
70.1 Mio. Guangzhou
67%
22.1 Mio. Sao Paulo
62%
22.5 Mio. Kairo
58%
27.2 Mio. Manila
56%
21.2 Mio. Bangkok
50%
20.7 Mio. Lagos
50%
25.1 Mio. Seoul
48%
20.9 Mio. Karatschi
42%
22.5 Mio. Dhaka
41%
Keine übereinstimmenden Quizze gefunden
Verteilung der Resultate
Anzahl Personen mit jedem Resultat
Perzentil nach korrekt beantworteten Fragen
Ihre Resultats-Entwicklung
Sie haben dieses Quiz noch nicht gespielt